000 00522nam a2200205Ia 4500
008 240510s9999 xx 000 0 und d
020 _a0001562763865
041 _aEng
082 _a005.117
082 _bD18
100 _aDAVIS, O. & MCGINN, T.
245 0 _aINSTANT JAVA APPLETS :( With CD)
260 _bCALIFORNIA : ZIFF-DAVIS
260 _c1996
300 _a220 p.
650 _aJAVA : OBJECT ORIENTED PROGRAMMING
942 _2ddc
_01
942 _cRBK
999 _c24160
_d24160
945 _a1
_bMadushi Gamage
_c1
_dMadushi Gamage